000 00293nam a2200121Ia 4500
005 20251222144906.0
008 251222s9999||||xx |||||||||||||| ||spa||
082 _a260.2/C25
100 _aMelchor Cano, Domingo de Soto
245 0 _aTratados Espirituales
264 _bCatólica
942 _cLIB
999 _c22166
_d22166